| 000 | 00688cab a2200205 4500 | ||
|---|---|---|---|
| 001 | WB3320-19 | ||
| 008 | 090401t1997 xxu||||| |||| 00| 0 eng d | ||
| 035 | _a(Sirsi) u78500 | ||
| 041 | _aeng | ||
| 245 | _aFloodlight defeat for tennis club | ||
| 260 | _c1997 | ||
| 350 | _a0 | ||
| 490 |
_aHerald _v20 May 1997, 9(1) |
||
| 520 | _aCosts have been awarded against a tennis club in an action brought by anglers following the installation of floodlights at the tennis club which frightened away the fish. Proving that light constituted a nuisance was a novel case in the UK. | ||
| 650 | _aFLOODLIGHTS | ||
| 650 | _aNUISANCE | ||
| 690 | _aLAW | ||
| 942 | _n0 | ||
| 948 | _c21/05/1997 | ||
| 999 |
_c49390 _d49390 |
||